Statistics for A-Z Wikipedia Famous Person Quiz - Magyar

Click here to take the quiz!

General Stats

  • This quiz has been taken 227 times
  • The average score is 16 of 26

Answer Stats

A-ZClue / BűnjelWho? Ki?% Correct
Aosztrák származású német politikus, diktátor (1889-1945)Adolf Hitler
94%
IMagyarország első királya (975-1038)I. István
91%
Pmagyar költő, forradalmár, nemzeti hős (1823-1849)Petőfi Sándor
90%
Smagyar politikus, író, polihisztor, közgazdász, közlekedési miniszter (1791-1860)Széchenyi István
90%
Fa római-katolikus egyház 266. pápája (1936-)Ferenc Pápa
89%
CEurópa-bajnok portugál labdarúgó (1985-)Cristiano Ronaldo
88%
Gmagyar politikus, közgazdász, pedagógus (1961-)Gyurcsány Ferenc
87%
Ja kereszténység központi alakjaJézus
78%
Omagyar jogász és politikus (1963-)Orbán Viktor
77%
Eamerikai rapper, zeneproducer, dalszerző és színész (1972-)Eminem
70%
Hmagyar katonatiszt, politikus, a Magyar Királyság normányzója (1868-1957)Horthy Miklós
70%
Lbrit autóversenyző, Formula-1-es pilóta (1985-)Lewis Hamilton
67%
Dmagyar labdarúgó (1986-)Dzsudzsák Balázs
63%
Wangol drámaíró, költő, színész (1564-1616)William Shakespeare
63%
ZLuxemburgi-házi uralkodó, 1387–1437-ig magyar király, 1410–1437-ig német király, 1419–1437-ig cseh király, 1433–1437-ig német-római császár, (1368-1437)Zsigmond
63%
Ymagyar építész (1814-1891)Ybl Miklós
62%
Mnémet autóversenyző (1969-)Michael Schumacher
59%
Rmagyar költő, író, műfordító (1909-1944)Radnóti Miklós
57%
Kmagyar politikus, kormányzó-elnök (1802-1894)Kossuth Lajos
49%
Nszerb teniszező (1987-)Novak Đoković
45%
Qamerikai rendező, színész, forgatókönyvíró, producer (1963-)Quentin Tarantino
43%
Xa római-katolikus egyház 265. pápája (1927-)XVI. Benedek pápa
39%
Bköltő, író, katona (1554-1594)Balassi Bálint
38%
Vköltő, író, ügyvéd, az MTA és a Kisfaludy Társaság tagja, országgyűlési képviselő (1800-1855)Vörösmarty Mihály
38%
Tamerikai rapper és színész (1971-1996)Tupac Shakur
19%
Uamerikai politikus, az Amerikai Egyesült Államok 18. elnöke (1822-1885)Ulysses S Grant
17%

Score Distribution

Percentile by Number Answered

Percent of People with Each Score

Your Score History

You have not taken this quiz